01353cam a22003251 4500001001300000003000400013005001700017008004100034010001700075035001900092040003000111042001200141050002200153086001700175100003800192245012400230260004800354300004600402490004500448500005400493500014300547504002800690650004100718650004500759650004600804650002100850710004300871740005500914810005800969gs 66000260 DLC20260227111419.0771003s1966 dcuab b f000 0 eng  ags 66000260  a(OCoLC)3314760 aDLCcAzUdISSdOCoLCdDLC apremarc00aQE75b.P9 no. 5180 aI 19.16:518/1 aFeth, J. H.q(John Henry),d1913-10aLake Bonneville:bGeology and hydrology of the Weber Delta district, including Ogden, Utah,cby J.H. Feth [and others]. aWashington,bU.S. Govt. Print. Off.,c1966. avii, 76 p.billus., maps (3 col.)c29 cm.1 aGeological Survey professional paper 518 aText and folded illustrative matter in portfolio. a"Prepared cooperatively by the U.S. Geological Survey and the U.S. Bureau of Reclamation with the cooperation of the Utah State Engineer." aBibliography: p. 72-74. 0aGeologyzUtahzWeber Delta district. 0aGroundwaterzUtahzWeber Delta district. 0aWater-supplyzUtahzWeber Delta district. 0aWaterxAnalysis.1 aUnited States.bBureau of Reclamation.0 aGeology and hydrology of the Weber Delta district.2 aGeological Survey (U.S.).tProfessional paper ;v518.